Items in Yeeps - Statistics

General Stats
  • This quiz has been taken 53 times
  • The average score is 14 of 32
Answer Stats
Hint Answer % Correct
Red melee weapon, reskinned as swords Bat
94%
A simple ranged weapon, reskinned as pistol and flintlock Pellet Gun
63%
A gadget that can deflect attacks Shield
57%
A sticky bomb for knockback Sticky Impulse Bomb
57%
A gadget that is used to tag others; "Get Yeeped" Pin
54%
A gadget that speeds you up in water Propeller
54%
A gadget that can fire anything Crossbow
51%
A gadget used to manually speed you up in water Flipper
51%
A grenade that lets out smoke Smoke Grenade
51%
A gadget that teleports you to where you throw it Portal Ball
49%
A weapon that can be loaded with grenades and missiles Bazooka
46%
A gadget that lets you scale walls Grappler
46%
A sticky bomb that places many pillows Sticky Pillow Bomb
46%
A sticky bomb that lets out smoke Sticky Smoke Bomb
46%
A grenade for knockback Impulse Grenade
43%
A short ranged gun Pellet Shotgun
43%
A gadget that lets you slide around Sled
43%
A gadget that lets you sink in water Anchor
40%
A gadget that mimics you Body Decoy
40%
A grenade that destroys pillows and does damage Explosive Grenade
40%
Explosives that can home in on players Missile
40%
A gadget to replace your voice Voice Decoy
40%
A long ranged weapon with a laser Pellet Sniper
37%
A sticky bomb that lets out three pumpkin grenades Sticky Pumpkin Bomb
37%
A gadget to slow your fall Umbrella
37%
One time use melee weapon Butt-Jo
34%
A gadget that freezes others Snow Ball
31%
A gadget that lets you traverse quickly on water Surfboard
31%
A gadget that lets you fly Firework
26%
A sticky bomb that destroys pillows and does damage Sticky Explosive Bomb
26%
A gadget that lets you float on water Inner Tube
23%
A sticky bomb that freezes you Sticky Ice Bomb
11%
No matching quizzes found
Score Distribution
Percent of People with Each Score
Percentile by Number Answered
Your Score History
You have not taken this quiz